000155291 001__ 155291
000155291 005__ 20250516084456.0
000155291 037__ $$aTAZ-TFG-2023-394
000155291 041__ $$aspa
000155291 1001_ $$aTodoran, Loredana Ramona
000155291 24200 $$aMental health in adolescent pregnancy. Bibliographic review.
000155291 24500 $$aSalud mental en el embarazo adolescente. Revisión bibliográfica.
000155291 260__ $$aZaragoza$$bUniversidad de Zaragoza$$c2023
000155291 506__ $$aby-nc-sa$$bCreative Commons$$c3.0$$uhttp://creativecommons.org/licenses/by-nc-sa/3.0/
000155291 520__ $$aIntroducción: El embarazo adolescente tiene una incidencia a nivel mundial que acarrea graves consecuencias sociales y económicas y con un mayor riesgo de sufrir algún trastorno mental, siendo el más frecuente la depresión. La sintomatología psicológica en esta etapa se ve afectada por múltiples factores.<br />Objetivo principal: Elaborar una revisión bibliográfica centrada en la salud mental en el embarazo adolescente.<br />Metodología: Para la elaboración de esta revisión se llevó a cabo una búsqueda bibliográfica en diferentes bases de datos como Pubmed, Medline, Dialnet, en las que se realizó una búsqueda teniendo en cuenta los criterios de inclusión y excusión,  y páginas web como OMS, UNICEF, Cambridge, MDPI Academic Open Access Publishins y pediatría integral.<br />Desarrollo: La adolescencia es un periodo en el que generalmente los embarazos producidos no son deseados ni planeados.<br />Hoy en día la información llega en abundancia a través de los diferentes medios, no obstante, existe bastante ignorancia sobre los factores causantes y como pueden repercutir en la salud mental durante el embarazo de una adolescente. Las causas inciden en toda la vida de la joven, tanto a nivel interpersonal como individual. Debemos implementar intervenciones para abordar la carga psicológica y valorar los efectos adversos que pueden provocar.<br />Conclusión: En los diferentes estudios se identifica una similitud sobre cuáles son los factores influyentes en el desarrollo de estos trastornos en el embarazo adolescente. Por ello, se necesita transmitir e informar sobre este aspecto para llevar a cabo una correcta promoción de la salud y un diagnóstico precoz del problema, identificando los riesgos con la intención de disminuir la morbilidad materna.<br />Palabras clave: Salud mental, embarazo, adolescente<br /><br />
000155291 521__ $$aGraduado en Enfermería
000155291 540__ $$aDerechos regulados por licencia Creative Commons
000155291 700__ $$aEscartin Laplana, Emma$$edir.
000155291 7102_ $$aUniversidad de Zaragoza$$b $$c
000155291 8560_ $$f800438@unizar.es
000155291 8564_ $$s378781$$uhttps://zaguan.unizar.es/record/155291/files/TAZ-TFG-2023-394.pdf$$yMemoria (spa)
000155291 909CO $$ooai:zaguan.unizar.es:155291$$pdriver$$ptrabajos-fin-grado
000155291 950__ $$a
000155291 951__ $$adeposita:2025-05-16
000155291 980__ $$aTAZ$$bTFG$$cENFHUES
000155291 999__ $$a20230416173808.CREATION_DATE